| 000 | 00625cam a22001935a 4500 | ||
|---|---|---|---|
| 001 | L141445 | ||
| 008 | 071126s1975 xxka f 000 0ceng d | ||
| 035 | _a(Sirsi) u141445 | ||
| 041 | 0 | _aeng | |
| 050 | 0 | 4 | _a920 $2 18 |
| 110 | 2 |
_aParsons, Son and Basley _95462 |
|
| 245 | 0 | 0 |
_aParsons, Son and Basley _b1825-1975 |
| 260 |
_a[Brighton] _bs.n. _c[1975] |
||
| 300 |
_a[20] p. _bill. _c21 cm. |
||
| 520 | _aA history of the firm of Parsons, Son and Basley. Presented by W. R. de Silva of Parsons, Son and Basley in January 1975. | ||
| 651 | 4 | _aBrighton | |
| 690 | _aABOUT RICS-RICS MEMBERS-CHARTERED SURVEYORS | ||
| 942 | _n0 | ||
| 999 |
_c107668 _d107668 |
||